000 00314nam a2200121Ia 4500
008 190216s9999||||xx |||||||||||||| ||und||
100 _a"Tsutsui,Levy, Nakamura &mori"
245 0 _aIntroduction To Metal Complex Chemistry
260 _bPlenum Press
_c1970
300 _a210p
650 _aChemistry
942 _cBK
999 _c2442
_d2442